000 00638cam a2200229 4500500
005 20260329003917.0
041 _afre
042 _adc
100 1 0 _aWu, Kun Yung
_eauthor
245 0 0 _aSyaman Rapongan. Travailleur de la mer
260 _c2017.
500 _a76
690 _aFrédéric Keck
690 _aMer
690 _aNature
690 _aOcéan
690 _aSyaman Rapongan
690 _aTaïwan
690 _aTao
786 0 _nPhilosophie magazine | 112 | 9 | 2017-09-01 | p. 17-18 | 1951-1787
856 4 1 _uhttps://shs.cairn.info/magazine-philosophie-magazine-2017-9-page-17?lang=fr&redirect-ssocas=7080
999 _c1828898
_d1828898